000 00647nam a22002657a 4500
003 UA-OsUOA
001 25353
007 ta
008 20040402b un ||||| |||| 00| 0 ukr d
100 _aСардар Зиауддин
700 _aДэвис М.В.
090 _a308(73)
_bС20
942 _cBK
040 _aUA-OsUOA
_brus
_cUA-OsUOA
_dUA-OsUOA
245 _aПочему люди ненавидят Америку?
300 _a240 с.
955 _a0
041 _arus
080 _a308(73)
020 _a5-7986-0082-3
260 _aМосква
_bПроспект
_c2003
044 _aRU
650 7 _2UDC
999 _c311646
_d311646